Introduction to the English novel, V2-Henry James to the present day (Record no. 62473)

MARC details
000 -LEADER
fixed length control field 00389nam a2200145Ia 4500
008 - FIXED-LENGTH DATA ELEMENTS--GENERAL INFORMATION
fixed length control field 230917s9999||||xx |||||||||||||| ||und||
040 ## - CATALOGING SOURCE
-- 189354
Original cataloging agency VIVEKANANDA LIBRARY
041 ## - Language
-- English
082 ## - DDC NUMBER
Classification number 823.09 K459I
100 ## - MAIN ENTRY--PERSONAL NAME
Personal name Kettle, Arnold
245 #0 - TITLE STATEMENT
Title Introduction to the English novel, V2-Henry James to the present day
260 ## - PUBLICATION, DISTRIBUTION, ETC. (IMPRINT)
Place of publication, distribution, etc London
Name of publisher, distributor, etc Hutchinson
Date of publication, distribution, etc 1976
300 ## - PHYSICAL DESCRIPTION
Pages 192 p.
942 ## - ADDED ENTRY ELEMENTS (KOHA)
Koha item type Books
Holdings
Withdrawn status Lost status Damaged status Not for loan Location (home branch) Sublocation or collection (holding branch) Date acquired Koha issues (times borrowed) Koha full call number Accession No. Koha date last seen Koha item type
        VIVEKANANDA LIBRARY VIVEKANANDA LIBRARY 22/09/2011   823.09 K459I 13416 17/09/2023 Books
© Designed and Maintained by Vivekananda Library, MDU Rohtak